Integrated building intelligence / Hamidreza Alavi, Soheila Kookalani, Farzad Rahimian, Núria Forcada. (Record no. 20507)

000 -LEADER
fixed length control field 00631nam a22001817a 4500
020 ## - INTERNATIONAL STANDARD BOOK NUMBER
ISBN 9783031688652
082 ## - DEWEY DECIMAL CLASSIFICATION NUMBER
Classification number 690.028
Item number Al38 2024
100 ## - MAIN ENTRY--AUTHOR NAME
Personal name Alavi, Hamidreza, author.
245 ## - TITLE STATEMENT
Title Integrated building intelligence / Hamidreza Alavi, Soheila Kookalani, Farzad Rahimian, Núria Forcada.
260 ## - PUBLICATION, DISTRIBUTION, ETC. (IMPRINT)
Place of publication Switzerland :
Name of publisher Springer Nature,
Year of publication ©2024.
300 ## - PHYSICAL DESCRIPTION
Number of Pages 1 online resource, vii, 118 pages.
500 ## - GENERAL NOTE
General note Includes bibliographical references.
650 ## - SUBJECT ADDED ENTRY--TOPICAL TERM
Topical Term Smart buildings – Design and construction.
700 ## - ADDED ENTRY--PERSONAL NAME
Personal name Kookalani, Soheila.
700 ## - ADDED ENTRY--PERSONAL NAME
Personal name Rahimian, Farzad.
700 ## - ADDED ENTRY--PERSONAL NAME
Personal name Forcada, Núria.
942 ## - ADDED ENTRY ELEMENTS (KOHA)
Koha item type Electronic Books
Holdings
Source of acquisition Permanent Location Date acquired Collection code Koha item type Lost status Shelving location Withdrawn status Current Location Full call number
DonationCagayan State University - Carig Library2025-05-21E-BooksElectronic Books E-Resource Section Cagayan State University - Carig Library690.028 Al38 2024

Cagayan State University University Library, Carig Campus
Tuguegarao City, Cagayan 3500 | www.csucarig.edu.ph

Powered by Koha